| 000 | 00366nam a22001577a 4500 | ||
|---|---|---|---|
| 003 | SGT | ||
| 082 |
_a611 _bC71R |
||
| 100 | _aROMANES, G.J. | ||
| 245 | _aCUNNINGHAM'S MANUAL OF PRACTICAL ANATOMY VOL-3 | ||
| 250 | _a13TH | ||
| 260 |
_aLONDON _bOXFORD PUB _c1971 |
||
| 300 | _a310 | ||
| 650 | _aHUMAN ANATOMY | ||
| 653 | _aPRACTICAL ANATOMY | ||
| 942 |
_2ddc _cRARE |
||
| 999 |
_c22340 _d22340 |
||